000
00272nam a22001217a 4500
008
171030b xxu||||| |||| 00| 0 eng d
041
_a
eng
080
_a
338.5
100
_a
57
101
_a
QMI
245
_a
UNEMPLOYMENTR AND INFLATION
_c
MILLEER.R.L
942
_2
udc
_c
BK
999
_c
36479
_d
36479